000 01826nam a2200481 i 4500
001 31221
003 FlNmELB
005 20241216220635.0
006 m o d |
007 cr cnu||||||||
008 160919s2015 sp ob 001 0 spa d
020 _z9788436834123
020 _a9788436834185 (e-book)
035 _a(MiAaPQ)EBC4569970
035 _a(Au-PeEL)EBL4569970
035 _a(CaPaEBR)ebr11231135
035 _a(OCoLC)984783037
040 _aFINmELB
_bspa
_erda
_cFINmELB
050 4 _aHF5415.2
_bL925 2015
080 _a338.48:658.8
082 0 _a658.83
_223
100 1 _aLópez Bonilla, Jesús Manuel.
245 1 0 _aManual de investigación de mercados turísticos /
_cJesús Manuel López Bonilla, Luis Miguel López Bonilla.
264 1 _aMadrid :
_bLarousse - Ediciones Pirámide,
_c[2015]
300 _a1 recurso en línea (206 páginas)
336 _atexto
_btxt
_2rdacontent/spa
337 _acomputadora
_bc
_2rdamedia/spa
338 _arecurso en línea
_bcr
_2rdacarrier/spa
490 1 _aEconomía y empresa
500 _aContiene índice.
504 _aContiene referencias bibliográficas.
588 _aDescripción basada en recurso en línea; Título de la página del título en PDF (e-libro, visto September 19, 2016).
590 _aRecurso electronico. Santa Fe, Arg. : e-libro, 2016. Disponible via World Wide Web. El acceso puede ser limitado para las bibliotecas afiliadas a e-libro.
650 0 _aMarketing research.
650 4 _aInvestigación de mercados.
650 0 _aTourism
_xMarketing.
650 4 _aTurismo
_xComercialización.
655 4 _aLibros electrónicos.
700 1 _aLópez Bonilla, Luis Miguel.
797 2 _ae-libro, Corp.
830 0 _aEconomía y empresa.
856 4 0 _uhttps://elibro.net/ereader/politecnicointernacional/49129
999 _c31221
_d31221